| 000 | 01369cad a22002415a 4500 | ||
|---|---|---|---|
| 001 | L158139 | ||
| 008 | 140903s2014 xxk f 000 0 eng d | ||
| 020 | _a9781783210664 | ||
| 035 | _a(Sirsi) u158139 | ||
| 041 | 0 | _aeng | |
| 050 | 0 | 4 | _a347.4109 $2 18 |
| 110 | 1 |
_aRoyal Institution of Chartered Surveyors _94900 |
|
| 245 | 0 | 0 |
_aSurveyors acting as arbitrators in commercial property rent review in Scotland _bRICS guidance note _h[electronic resource] |
| 250 | _a9th edition | ||
| 260 |
_aLondon _bRICS _c2014 |
||
| 520 | _aOffers guidance to chartered surveyors who are appointed by the Chairman of RICS Scotland or directly by parties to act as arbitrators in commercial property rent reviews. Discusses the principles of arbitration, the powers and duties of the arbitrator, steps leading up to the appointment of an arbitrator, involvements and conflicts of interest, inability to act and replacement of an arbitrator, rules of evidence, the arbitration proceedings, evaluating evidence, the award, fees and costs. | ||
| 590 | _aKA | ||
| 650 | 2 | 4 | _aARBITRATION (SCOTLAND) ACT 2010 |
| 651 | 4 | _aScotland | |
| 690 |
_aCommercial property _96227 |
||
| 856 | 4 | 0 |
_uhttps://www.rics.org/Documents/Surveyors_acting_as_arbitrators_Scotland_9th_edition_PGguidance_2014.pdf _zView the item free of charge (members-only) from the www.rics.org/guidance... |
| 942 | _n0 | ||
| 999 |
_c115166 _d115166 |
||